000 00790nam a2200277Ia 4500
003 OSt
005 20220918164313.0
006 a|||||r|||| 00| 0
007 ta
008 220917b |||||||| |||| 00| 0 eng d
020 _a0521373255
024 _a3,323
037 _cTextual
040 _aARTS
_cARTS
_beng
041 _2eng
_aeng
082 _aS1:43, N0
100 _aFivush robyn. ed
_918191
245 0 _aKnowing and remembering in young children
260 _aCambridge
_bCUP
_c1990
300 _ax,354p
_ccm.
490 _aEmory symposia in cognition; 3
650 _aTHEORY OF KNOWLEDGE; PSYCHOLOGY
_98686
700 _a Hudson Judith A. ed
_918192
942 _hS1:43, N0
_cTEXL
_2CC
999 _c124125
_d124125